000 00822nem a2200217 i 4500
001 bg
245 0 0 _aAtlas geologiczny południowego Bałtyku =
_bGeological atlas of the Southern Baltic /
_c[aut. Ryszard Dadlez et al.] ; Państwowy Instytut Geologiczny.
246 1 1 _aGeological atlas of the Southern Baltic
255 _a1 : 500000
260 _aSopot ;
_aWarszawa :
_bWydaw. Kartograficzne Polskiej Agencji Ekologicznej,
_c1995.
300 _aTeka (63 s.,35 k. tabl. w tym złoż.) :
_bmapy kolor. ;
_c30 x 44 cm.
504 _aBibliogr. s. 55-63.
651 9 _aBałtyk
_xgeologia
655 _aMapy
040 _cBPK
041 0 _aplen
080 _a912A/Z:55](438)
942 _cMP
008 s pl f |000 0 pol
999 _c35219
_d35219
856 _uhttp://koha.tu.koszalin.pl/cgi-bin/koha/opac-detail.pl?biblionumber=35219
_yKatalog online BPK